<?xml version="1.0" encoding="UTF-8"?><?xml-stylesheet type="text/xsl" href="static/style.xsl"?><OAI-PMH xmlns="http://www.openarchives.org/OAI/2.0/" xmlns:xsi="http://www.w3.org/2001/XMLSchema-instance" xsi:schemaLocation="http://www.openarchives.org/OAI/2.0/ http://www.openarchives.org/OAI/2.0/OAI-PMH.xsd"><responseDate>2026-04-17T20:22:13Z</responseDate><request verb="GetRecord" identifier="oai:www.recercat.cat:10256/12756" metadataPrefix="marc">https://recercat.cat/oai/request</request><GetRecord><record><header><identifier>oai:recercat.cat:10256/12756</identifier><datestamp>2024-06-06T10:10:42Z</datestamp><setSpec>com_2072_452966</setSpec><setSpec>com_2072_2054</setSpec><setSpec>col_2072_452967</setSpec></header><metadata><record xmlns="http://www.loc.gov/MARC21/slim" xmlns:dcterms="http://purl.org/dc/terms/" xmlns:xsi="http://www.w3.org/2001/XMLSchema-instance" xmlns:doc="http://www.lyncode.com/xoai" xsi:schemaLocation="http://www.loc.gov/MARC21/slim http://www.loc.gov/standards/marcxml/schema/MARC21slim.xsd">
   <leader>00925njm 22002777a 4500</leader>
   <datafield ind2=" " ind1=" " tag="042">
      <subfield code="a">dc</subfield>
   </datafield>
   <datafield ind2=" " ind1=" " tag="720">
      <subfield code="a">Grau Villaescusa, Jordi</subfield>
      <subfield code="e">author</subfield>
   </datafield>
   <datafield ind2=" " ind1=" " tag="260">
      <subfield code="c">2016-06</subfield>
   </datafield>
   <datafield ind2=" " ind1=" " tag="520">
      <subfield code="a">A partir de les necessitat d’ampliació de potència per part del client com per els “microtalls” d’electricitat que pateixen, es fa decidir sol•licitud una amplició de potència i tancament d’anell a la companyia elèctrica. &#xd;
Per tal de donar compliments a la sol•licitud de nou subministrament elèctric en mitja tensió realitzada per part del client IMPREMTA TEIXÓ SL, s’ha arribat a una acord amb la companyia distribuïdora de la zona ENDESA DISTRIBUCIÓ ELÉCTRICA, per tal de construir un nou centre de mesura. El nou centre de recepció i seccionament del tipus obra civil en superfície.&#xd;
L’objecte d’aquests projectes és la descripció de les principals característiques tècniques del nou centre de transformació i mesura i la nova línia subterrània per on s’alimentarà &#xd;
Aquesta instal•lació estar destinada al subministrament d’energia elèctrica per els serveis del nostre client, amb la finalitat d’obtenir l’autorització administrativa i posada en servei d’aquesta instal•lació. &#xd;
La particularitat de la confecció de dos projectes per dur a terme aquesta instal•lació és que el projecte de la línia elèctrica, una vegada finalitzats els treballs, es cedirà el projecte i la línia elèctrica a Endesa Distribució elèctrica per el seu manteniment i explotació. En canvi, el projecte del nou centre de mesura, és exclusiu del client</subfield>
   </datafield>
   <datafield ind1="8" ind2=" " tag="024">
      <subfield code="a">http://hdl.handle.net/10256/12756</subfield>
   </datafield>
   <datafield tag="653" ind2=" " ind1=" ">
      <subfield code="a">Línies elèctriques -- Disseny i construcció</subfield>
   </datafield>
   <datafield tag="653" ind2=" " ind1=" ">
      <subfield code="a">Energia elèctrica -- Distribució</subfield>
   </datafield>
   <datafield tag="653" ind2=" " ind1=" ">
      <subfield code="a">Línies elèctriques subterrànies -- Disseny i construcció</subfield>
   </datafield>
   <datafield tag="653" ind2=" " ind1=" ">
      <subfield code="a">Underground electric lines -- Design and construction</subfield>
   </datafield>
   <datafield tag="653" ind2=" " ind1=" ">
      <subfield code="a">Electric lines -- Design and construction</subfield>
   </datafield>
   <datafield tag="653" ind2=" " ind1=" ">
      <subfield code="a">Electric power distribution</subfield>
   </datafield>
   <datafield ind2="0" ind1="0" tag="245">
      <subfield code="a">Projecte d’execució i legalització del centre de mesura i transformació CM/CT – 69692 a 25/0,4 KV i projecte d’execució i legalització de la línea subterrània a 25KV per alimentar el nou centre de mesura</subfield>
   </datafield>
</record></metadata></record></GetRecord></OAI-PMH>